| 000 | 00463nam a22001937a 4500 | ||
|---|---|---|---|
| 003 | BD-DhUIB | ||
| 005 | 20251101150943.0 | ||
| 008 | 251101b |||||||| |||| 00| 0 eng d | ||
| 040 |
_aBD-DhUIB _cBD-DhUIB |
||
| 050 | _a658.0019 | ||
| 082 | _222 | ||
| 100 |
_aRobbins, Stephen P. _9343 |
||
| 245 | _aOrganizational behavior/ | ||
| 250 | _a18th ed. | ||
| 260 |
_aIndia. _bPearson. |
||
| 300 |
_aii, 796p. : _billus. ; _c24cm. |
||
| 526 | _aBBA. | ||
| 942 |
_2ddc _cBK |
||
| 999 |
_c633 _d633 |
||